| 000 | 00808nam a22002535a 4500 | ||
|---|---|---|---|
| 005 | 20201124142620.0 | ||
| 006 | a||||fr||z| 00| 0 | ||
| 008 | 090113t2004 ohu|||||r|||| 00| 0 eng d | ||
| 010 | _a 2002111186 | ||
| 020 | _a0324183984 | ||
| 035 | _a(DLC) 2002111186 | ||
| 040 |
_aEG-ScBUE _beng _cEG-ScBUE |
||
| 082 | 0 | 4 |
_a658.154 _bING _222 |
| 245 | 1 | 0 |
_aFinancial accounting : _ba bridge to decision making / _cRobert W. Ingram, Thomas L. Albright, Bruce A. Baldwin. |
| 250 | _a5th ed. | ||
| 260 |
_aMason : _bThomson / South-Western, _cc.2004. |
||
| 300 |
_a(various pagings) : _bill. (col.) ; _c29 cm. + _e1 CD-ROM (4 3/4 in.) |
||
| 500 | _aIncludes indexes. | ||
| 590 | _adoha | ||
| 650 | 0 |
_aManagerial accounting. _933339 _2BUEsh |
|
| 651 | _2BUEsh | ||
| 653 |
_cAugust2015 _bBUSADM |
||
| 942 |
_cBB _2ddc |
||
| 999 |
_c324 _d324 |
||